[Event "Stuttgart-chA int"]
[Site "Ditzingen"]
[Date "2008.05.02"]
[Round "4"]
[White "Volk, Werner"]
[Black "Winkler, Stefan2222"]
[Result "1-0"]
[WhiteElo "1993"]
[BlackElo "1824"]
[PlyCount "73"]
[EventDate "2008.05.01"]
[EventType "swiss"]
[EventRounds "7"]
[EventCountry "GER"]
[SourceTitle "EXT 2018"]
[Source "ChessBase"]
[SourceDate "2017.10.13"]
[SourceVersion "1"]
[SourceVersionDate "2017.10.13"]
[SourceQuality "1"]

1. Nf3 Nf6 2. c4 d5 3. cxd5 Nxd5 4. g3 c5 5. Bg2 g6 6. Ne5 Qd6 7. Qa4+ Nd7 8. Nc4 Qe6 9. 0-0 Nb4 10. Ne3 Bh6 11. a3 Bxe3 12. axb4 Bh6 13. bxc5 0-0 14. c6 Nc5 15. Qh4 g5 16. Qb4 Nb3 17. Ra3 Nxc1 18. Rxc1 a5 19. Qb5 b6 20. Qxb6 Qxe2 21. Re3 Qg4 22. Rxe7 Be6 23. Ra7 Bg7 24. Rxa8 Rxa8 25. c7 Rc8 26. Nc3 Bd4 27. Qxa5 f5 28. Bd5 Bxf2+ 29. Kxf2 Qd4+ 30. Ke2 Qe5+ 31. Kd1 Kh8 32. Qb5 f4 33. Bxe6 Qxe6 34. Qd5 Qg4+ 35. Kc2 f3 36. Re1 Kg7 37. Re7+ 1-0

[Event "Verbandsliga Sued Baden 0708"]
[Site "Germany"]
[Date "2008.04.27"]
[Round "9.6"]
[White "Merklinger, Markus"]
[Black "Volk, Werner"]
[Result "1-0"]
[WhiteElo "2169"]
[BlackElo "1990"]
[PlyCount "39"]
[EventDate "2007.10.14"]
[EventType "team"]
[EventRounds "9"]
[EventCountry "GER"]
[SourceTitle "EXT 2009"]
[Source "ChessBase"]
[SourceDate "2008.11.26"]
[SourceVersion "1"]
[SourceVersionDate "2008.11.26"]
[SourceQuality "1"]
[WhiteTeam "Kuppenheim II"]
[BlackTeam "Oberwinden"]
[WhiteTeamCountry "GER"]
[BlackTeamCountry "GER"]

1. e4 e6 2. d4 d5 3. Nc3 dxe4 4. Nxe4 Nd7 5. Nf3 Ngf6 6. Bg5 h6 7. Bh4 Be7 8. Nxf6+ Bxf6 9. Bxf6 Qxf6 10. Bd3 0-0 11. Qe2 Qf4 12. g3 Qd6 13. 0-0-0 Nf6 14. Ne5 Bd7 15. g4 Bc6 16. Rhg1 Nh7 17. g5 Nxg5 18. h4 Nh3 19. Qg4 Nxg1 20. Rxg1 1-0

[Event "Stuttgart-chA int"]
[Site "Gerlingen"]
[Date "2007.05.19"]
[Round "6"]
[White "Reichert, Matthias"]
[Black "Volk, Werner"]
[Result "1-0"]
[WhiteElo "2145"]
[BlackElo "1980"]
[PlyCount "87"]
[EventDate "2007.05.17"]
[EventType "swiss"]
[EventRounds "7"]
[EventCountry "GER"]
[SourceTitle "EXT 2018"]
[Source "ChessBase"]
[SourceDate "2017.10.13"]
[SourceVersion "1"]
[SourceVersionDate "2017.10.13"]
[SourceQuality "1"]

1. e4 e6 2. d3 d5 3. Nd2 g6 4. Ngf3 Bg7 5. c3 Nc6 6. g3 Nge7 7. Qe2 d4 8. c4 e5 9. Bg2 0-0 10. 0-0 Bg4 11. h3 Bd7 12. Ne1 f5 13. exf5 gxf5 14. Rb1 Ng6 15. b4 Rb8 16. b5 Nce7 17. h4 Rf7 18. h5 Nf8 19. Nef3 e4 20. Ng5 exd3 21. Qxd3 Rf6 22. Qxd4 Rd6 23. Qe3 h6 24. c5 Bd4 25. Qb3+ Re6 26. Nxe6 Bxe6 27. Qa3 Bf7 28. Nf3 Bg7 29. Bb2 Nd5 30. Bxg7 Kxg7 31. Qb2+ Qf6 32. Nd4 Kg8 33. Ne2 Qg5 34. Qc1 Qxh5 35. Nf4 Nxf4 36. Qxf4 Ne6 37. Qh4 Qxh4 38. gxh4 Nxc5 39. Rbc1 b6 40. a4 Rd8 41. a5 Rd4 42. axb6 axb6 43. f4 Bc4 44. Rxc4 1-0

[Event "Baden-ch Seniors"]
[Site "Oberwinden"]
[Date "2007.04.13"]
[Round "8"]
[White "Gierse, Heinz Dieter"]
[Black "Volk, Werner"]
[Result "1-0"]
[WhiteElo "2099"]
[BlackElo "1980"]
[PlyCount "133"]
[EventDate "2007.04.06"]
[EventType "swiss"]
[EventRounds "9"]
[EventCountry "GER"]
[SourceTitle "CBM 117 Extra"]
[Source "ChessBase"]
[SourceDate "2007.05.09"]
[SourceVersion "1"]
[SourceVersionDate "2007.05.09"]
[SourceQuality "1"]

1. Nf3 Nf6 2. g3 g6 3. Bg2 Bg7 4. d3 d6 5. Nbd2 0-0 6. 0-0 c5 7. e4 Nc6 8. c3 Nd7 9. Nh4 Nde5 10. Qe2 Bg4 11. f3 Bc8 12. h3 e6 13. f4 Nd7 14. Nc4 Nb6 15. Ne3 Nd7 16. Bd2 Rb8 17. Be1 e5 18. f5 g5 19. Nf3 f6 20. Nd2 b5 21. Bf3 Nb6 22. Rf2 Bd7 23. Rh2 Rf7 24. h4 Bh6 25. Bh5 Re7 26. Ng4 Qf8 27. Nf3 gxh4 28. Nxh6+ Qxh6 29. Rxh4 Qf8 30. Bd2 Kh8 31. Kg2 Be8 32. Rah1 Bxh5 33. Rxh5 Rf7 34. Nh4 Qe8 35. Ng6+ Kg8 36. Qg4 Rbb7 37. Bh6 Rg7 38. Bxg7 Rxg7 39. Qf3 Nd8 40. Nh4 Nf7 41. Qe3 Ng5 42. Nf3 Nxf3 43. Kxf3 Qf7 44. b3 Qc7 45. Qh6 Qe7 46. R5h4 Nc8 47. Rg4 Rxg4 48. Kxg4 Qf7 49. Rh4 Ne7 50. Kf3 Kh8 51. Qh5 Qg8 52. Rh2 Qg7 53. Qe8+ Ng8 54. Rh4 Qe7 55. Qxe7 Nxe7 56. a4 a6 57. axb5 axb5 58. Rh1 Nc6 59. Ra1 b4 60. Ra8+ Kg7 61. cxb4 cxb4 62. Ke3 h5 63. Ra6 Nd4 64. Rxd6 Nxb3 65. Rb6 Nd4 66. Rb7+ Kh6 67. Rf7 1-0

[Event "Stuttgart-chB int"]
[Site "Ditzingen"]
[Date "2006.05.26"]
[Round "3"]
[White "Pietzka, Martin"]
[Black "Volk, Werner"]
[Result "1-0"]
[WhiteElo "1657"]
[BlackElo "1866"]
[PlyCount "143"]
[EventDate "2006.05.25"]
[EventType "swiss"]
[EventRounds "7"]
[EventCountry "GER"]
[SourceTitle "EXT 2018"]
[Source "ChessBase"]
[SourceDate "2017.10.13"]
[SourceVersion "1"]
[SourceVersionDate "2017.10.13"]
[SourceQuality "1"]

1. e4 e6 2. d4 d5 3. e5 c5 4. c3 Qb6 5. Nf3 Nc6 6. a3 Bd7 7. b4 cxd4 8. cxd4 f5 9. Be2 Nce7 10. 0-0 Rc8 11. Nbd2 Nh6 12. Nb3 Ba4 13. Qd3 Bxb3 14. Qxb3 Nf7 15. Be3 g6 16. Rfc1 Rxc1+ 17. Rxc1 Bh6 18. Bxh6 Nxh6 19. Qa4+ Kd8 20. Qb5 Qxb5 21. Bxb5 Nf7 22. Kf1 Nc8 23. Ke2 Nb6 24. Nd2 Na8 25. Nb3 Ke7 26. Na5 Rb8 27. Ba6 Nd8 28. Bd3 h6 29. h4 h5 30. g3 Kf7 31. Ke3 Ke7 32. f3 Kf7 33. Kf4 Kg7 34. g4 Kh6 35. Bb5 fxg4 36. fxg4 hxg4 37. Kxg4 Kg7 38. Nb3 Nf7 39. Bd7 Nd8 40. Rf1 Nb6 41. Be8 Nc4 42. Rf6 Nxa3 43. Bd7 Nc2 44. b5 a6 45. Bxe6 Nxe6 46. Rxe6 axb5 47. Kg5 Ne3 48. Rxg6+ Kf7 49. h5 Rh8 50. h6 Rg8 51. Rxg8 Kxg8 52. e6 Nc4 53. Kf6 Nd6 54. Ke7 Nf5+ 55. Kd7 Kh7 56. e7 Nxe7 57. Kxe7 Kxh6 58. Kd6 Kg6 59. Kxd5 Kf7 60. Kc5 Ke7 61. Kxb5 Kd6 62. Kb6 Kd5 63. Kxb7 Kd6 64. Kc8 Kc6 65. Kd8 Kd6 66. Ke8 Ke6 67. Kf8 Kd7 68. Kf7 Kd6 69. Kf6 Kd5 70. Kf5 Kd6 71. Ke4 Ke6 72. d5+ 1-0

[Event "Stuttgart-chB int"]
[Site "Ditzingen"]
[Date "2005.05.06"]
[Round "4"]
[White "Volk, Werner"]
[Black "Bitzel, Hubert"]
[Result "1-0"]
[WhiteElo "1882"]
[BlackElo "1528"]
[PlyCount "67"]
[EventDate "2005.05.05"]
[EventType "swiss"]
[EventRounds "7"]
[EventCountry "GER"]
[SourceTitle "EXT 2018"]
[Source "ChessBase"]
[SourceDate "2017.10.13"]
[SourceVersion "1"]
[SourceVersionDate "2017.10.13"]
[SourceQuality "1"]

1. c4 e5 2. Nc3 f5 3. d3 Nf6 4. Nf3 Nc6 5. Bg5 Be7 6. e3 h6 7. Bxf6 Bxf6 8. Nd5 d6 9. Qb3 b6 10. g3 Bb7 11. Bg2 Na5 12. Qc2 0-0 13. 0-0 Nc6 14. Rac1 a5 15. a3 Rb8 16. b4 axb4 17. axb4 Rf7 18. Nd2 g6 19. Nb3 Kg7 20. b5 Ne7 21. Nxe7 Rxe7 22. Bxb7 Rxb7 23. Ra1 e4 24. d4 Qe8 25. Ra6 d5 26. Rfa1 c5 27. Ra8 Qf7 28. cxd5 Qxd5 29. Rc8 Red7 30. Raa8 c4 31. Nd2 c3 32. Nb1 Qxb5 33. Qa2 Qc4 34. Qxc4 1-0

[Event "Stuttgart-chB int"]
[Site "Ditzingen"]
[Date "2005.05.05"]
[Round "2"]
[White "Volk, Werner"]
[Black "Scheunemann, Uwe"]
[Result "1/2-1/2"]
[WhiteElo "1882"]
[BlackElo "1414"]
[PlyCount "62"]
[EventDate "2005.05.05"]
[EventType "swiss"]
[EventRounds "7"]
[EventCountry "GER"]
[SourceTitle "EXT 2018"]
[Source "ChessBase"]
[SourceDate "2017.10.13"]
[SourceVersion "1"]
[SourceVersionDate "2017.10.13"]
[SourceQuality "1"]

1. c4 Nf6 2. Nf3 d6 3. Nc3 g6 4. g3 c6 5. Bg2 Bg7 6. 0-0 0-0 7. d4 e6 8. Bg5 h6 9. Bd2 d5 10. Qc1 Kh7 11. Nd1 Ne4 12. Bf4 g5 13. Be5 f6 14. Bxb8 Rxb8 15. Qc2 f5 16. Ne5 Qc7 17. f3 Bxe5 18. dxe5 Nxg3 19. hxg3 Qxe5 20. f4 gxf4 21. gxf4 Qg7 22. Qc3 d4 23. Qh3 Rf6 24. Nf2 Rg6 25. Nh1 Bd7 26. Kf2 Rg8 27. Bf3 d3 28. Rab1 dxe2 29. Kxe2 Qd4 30. Rfd1 Qxc4+ 31. Ke3 Qc5+ 1/2-1/2